000 00514nmm a2200169Ia 4500
008 251105s9999||||xx |||||||||||||||||und||
020 _a8479087838
041 _aspa
100 _aViaggio, Sergio
245 0 _aTeoría general de la mediación interlingüe
264 _a[Madrid, España] :
_bPublicaciones de la Universidad de Alicante,
_c2004
300 _a496 páginas
490 _aTraducción
650 _aPhilosophy of language
856 _uhttps://public.digitaliapublishing.com/a/813
942 _cCF
999 _c73621
_d73621